Peasant and labour migration to an irrigated village in Karnataka (Record no. 364978)

000 -LEADER
fixed length control field 00504cam a22001337a 4500
008 - FIXED-LENGTH DATA ELEMENTS--GENERAL INFORMATION
fixed length control field 180718b1993 xxu||||| |||| 00| 0 eng d
082 ## - DEWEY DECIMAL CLASSIFICATION NUMBER
Classification number B1 So13
100 ## - MAIN ENTRY--PERSONAL NAME
Personal name Vidyasagar, N.E.C.
245 ## - TITLE STATEMENT
Title Peasant and labour migration to an irrigated village in Karnataka
260 ## - PUBLICATION, DISTRIBUTION, ETC.
Place of publication, distribution, etc. New Delhi
Name of publisher, distributor, etc. Orient Longman
Date of publication, distribution, etc. 1993
300 ## - PHYSICAL DESCRIPTION
Extent p.123-136
500 ## - GENERAL NOTE
General note [In] Sociology of development and change, edited by Chandrasekhar Bhat, Laxmi Narayan Kadekar and K. Ranga Rao
650 ## - SUBJECT ADDED ENTRY--TOPICAL TERM
Topical term or geographic name entry element Labour migration - India - Karnataka
Holdings
Withdrawn status Lost status Damaged status Not for loan Permanent Location Current Location Date acquired Full call number Barcode Date last seen Price effective from Koha item type
        Indian Institute of Public Administration Indian Institute of Public Administration 1994-04-15 B1 So13 CB393 2018-07-21 2018-07-21 CB

Powered by Koha